01801nam a2200385 i 4500001001000000003000900010005001700019007000300036008004100039040003000080041000800110082001900118100003600137245006700173264003400240300002800274336002700302337003300329338002800362490002800390490006900418500003800487590002600525710005100551830003500602830007600637910000700713942001400720952013900734952013300873952012701006952013301133952013201266999001701398000026261DO-SdBNP20251209105117.0ta110308s1981 dr r 000 0 spa d aDO-SdBNPbspacBNPHUerda aspa axxxbL258e2221 aLandolfi, Ciriacoeautor92426410aEvolución cultural dominicana 1844-1899 /cCiriaco Landolfi. aSanto Domingo :bUASD,c1981. a292 páginas ;c21 cm. ardacontentbtexto2txt ardamediabsin mediación2n ardacarrierbvolumen2nc1 aHistoria y sociedadv421 aPublicaciones de la Universidad Autónoma de Santo Domingov290 aIncluye notas al pie de páginas aInventariado, 2025/DG1 aUniversidad Autónoma de Santo Domingo972951 0aHistoria y sociedadn42953295 0aPublicaciones de la Universidad Autónoma de Santo Domingon290953296 aDG 2ddccLBS1 00102ddc56708DSaBNPHUbBNPHUcHDd2015-01-20l0oBNPHU DS L258ep26261-30r2020-06-25te. 3w2020-06-25yLBS1ZPréstamo en sala 00102ddc51708DSaBNPHUbBNPHUcHDd2015-06-18l0oBNPHU PD L258ep26261-40r2020-06-25te. 4w2020-06-25yLBS1ZNo se presta 00102ddc51708PDaBNPHUbBNPHUcHDd2011-03-08l0oBNPHU PD L258ep26261-10r2020-06-25w2020-06-25yLBS1ZNo se presta 00102ddc51708PDaBNPHUbBNPHUcHDd2013-03-14l0oBNPHU PD L258ep26261-20r2020-06-25te. 2w2020-06-25yLBS1ZNo se presta 00102ddc56708DSaBNPHUbBNPHUcCTd2025-12-09edonaciónl0oBNPHU DS L258ep2025-13694r2025-12-09te.5w2025-12-09yLBS1 c25753d25753